Taxmann's auditing & assurance / (Record no. 140612)

MARC details
000 -LEADER
fixed length control field 00725nam a22001937a 4500
005 - DATE AND TIME OF LATEST TRANSACTION
control field 20170531141212.0
020 ## - INTERNATIONAL STANDARD BOOK NUMBER
International Standard Book Number 9789386189837
Terms of availability 570.00
035 ## - SYSTEM CONTROL NUMBER
System control number B-666057
037 ## - SOURCE OF ACQUISITION
Stock number dpl
Source of stock number/acquisition Variety Books/Ven
082 ## - DEWEY DECIMAL CLASSIFICATION NUMBER
Classification number 657.45
100 ## - MAIN ENTRY--PERSONAL NAME
Personal name Garg,Pankaj
245 ## - TITLE STATEMENT
Title Taxmann's auditing & assurance /
Statement of responsibility, etc by Pankaj Garg
250 ## - EDITION STATEMENT
Edition statement 6th ed
260 ## - PUBLICATION, DISTRIBUTION, ETC. (IMPRINT)
Place of publication, distribution, etc New Delhi
Name of publisher, distributor, etc Taxmann Publications
Date of publication, distribution, etc 2017
270 ## - ADDRESS
Address 59/32, New Rohtak Road
City New Delhi
Postal code 110005
300 ## - PHYSICAL DESCRIPTION
Extent I-12,476p.
Dimensions 27cm(pbk)
942 ## - ADDED ENTRY ELEMENTS (KOHA)
Source of classification or shelving scheme Dewey Decimal Classification
Item type English Books
Call number suffix GAR
Classification part 657.45
Holdings
Withdrawn status Lost status Not for loan Collection code Home library Current library Date acquired Source of acquisition Cost, normal purchase price Full call number Barcode Copy number Cost, replacement price Koha item type
      Non-fiction Ashok Vihar Ashok Vihar 31/05/2017 BPPD/EN/2015-16/AV/16-17/410/15.2.2017/IN1434/7.3.2017/ 10.3.2017 570.00 657.45 GAR B-666057 1 570.00 English Books

© Delhi Public Library
Hit Counter
free hit counter